00329nam a2200121Ia 4500008004100000041000800041082001500049100005500064245004300119250000800162260002900170300000800199231228s1986 xx 000 0 und d aeng a301.1bmc  amc DAVIDd (john w) / HARARI (Herbert) harari(herbe asocial psycology,Individual groups etc a1st aNew DelhibC.B.S Fc1986 a479